[Event "17th WCh U20 Girls"]
[Site "Yerevan ARM"]
[Date "1999.09.24"]
[Round "7"]
[White "Sorokina, Anastasia"]
[Black "Aginian, Nelly"]
[Result "1/2-1/2"]
[WhiteElo "2162"]
[BlackElo "2170"]
[EventDate "1999.09.18"]
[PlyCount "82"]

1.e4 e6 2.d4 d5 3.Nc3 Nf6 4.exd5 exd5 5.Bg5 Be7 6.Qd2 h6 7.Bh4 c6 8.Bd3 a5
9.Bg3 Na6 10.a3 O-O 11.Nf3 Nh5 12.Ne5 Re8 13.O-O Bf6 14.f4 Nxg3 15.hxg3 c5
16.Bb5 Re7 17.dxc5 Nc7 18.Rae1 d4 19.Bc4 Bxe5 20.fxe5 Be6 21.Bxe6 dxc3 22.
Qxd8+ Rxd8 23.Bc4 cxb2 24.Rb1 Rd4 25.Bd3 Ne6 26.c6 bxc6 27.Rxb2 g6 28.Rb6 
Nc5 29.Rf4 Rxf4 30.gxf4 Nxd3 31.cxd3 Rd7 32.Rb3 g5 33.fxg5 hxg5 34.Rc3 Rd5
35.Kf2 c5 36.Rb3 a4 37.Rb8+ Kg7 38.Ra8 Rxd3 39.Rxa4 c4 40.Rxc4 Rxa3 41.Re4
Kg6 1/2-1/2

[Event "17th WCh U20 Girls"]
[Site "Yerevan ARM"]
[Date "1999.09.24"]
[Round "7"]
[White "Sergeeva, Maria"]
[Black "Klimenko, Veronica"]
[Result "1-0"]
[WhiteElo "2208"]
[BlackElo "2100"]
[EventDate "1999.09.18"]
[PlyCount "39"]

1.e4 e5 2.Nf3 Nc6 3.Bb5 Bc5 4.c3 f5 5.d4 fxe4 6.Nxe5 Nxe5 7.dxe5 Qh4 8.O-O
Ne7 9.Qe2 a6 10.Bc4 d5 11.exd6 cxd6 12.Be3 Bg4 13.Qd2 Bf3 14.Be6 Bxg2 15.
Kxg2 Qf6 16.Bxc5 Qxe6 17.Qxd6 Qg4+ 18.Qg3 Qe2 19.Bxe7 Kxe7 20.Na3 1-0

[Event "17th WCh U20 Girls"]
[Site "Yerevan ARM"]
[Date "1999.09.24"]
[Round "7"]
[White "Matras, Agnieszka"]
[Black "Redondo Arguelles, Graciela"]
[Result "1-0"]
[WhiteElo "2146"]
[BlackElo "2067"]
[EventDate "1999.09.18"]
[PlyCount "63"]

1.e4 e6 2.d4 d5 3.exd5 exd5 4.c4 Nf6 5.Nc3 Bb4 6.Nf3 O-O 7.Be2 dxc4 8.Bxc4
Qe7+ 9.Be3 Ne4 10.O-O Nxc3 11.bxc3 Bxc3 12.Rb1 Nc6 13.Qb3 Ba5 14.Bc1 Qf6 
15.Ba3 Rd8 16.Bb2 Bb6 17.Rfe1 Na5 18.Qa4 Bf5 19.d5 Qh6 20.Rbd1 Nxc4 21.
Qxc4 Qd6 22.Qc3 f6 23.Ba3 c5 24.Qc4 Bg6 25.Nh4 Bf7 26.Nf5 Qd7 27.Ne7+ Kh8 
28.Qh4 Re8 29.d6 Rad8 30.Rd3 Ba5 31.Ree3 Qb5 32.Qxh7+ 1-0

[Event "17th WCh U20 Girls"]
[Site "Yerevan ARM"]
[Date "1999.09.24"]
[Round "7"]
[White "Sahakian, Nonna"]
[Black "Machalova, Veronika"]
[Result "1-0"]
[WhiteElo "2093"]
[BlackElo "2115"]
[EventDate "1999.09.18"]
[PlyCount "137"]

1.e4 e5 2.Nf3 Nc6 3.Bb5 a6 4.Bxc6 dxc6 5.Nc3 Bg4 6.h3 Bxf3 7.Qxf3 Qf6 8.
Qxf6 Nxf6 9.d3 Nd7 10.Be3 Bc5 11.Ke2 O-O-O 12.Rad1 Bd4 13.Bxd4 exd4 14.Nb1
Rhe8 15.f4 b5 16.Kf3 c5 17.Nd2 Kb7 18.g4 f6 19.h4 h6 20.Rdg1 Rh8 21.Ke2 
Rde8 22.Nf3 g6 23.Kd2 Rhf8 24.Rh2 Re7 25.Rf2 Ref7 26.c3 dxc3+ 27.bxc3 g5 
28.Ke3 b4 29.Rb1 gxf4+ 30.Kxf4 Ne5 31.Rd2 Kc6 32.cxb4 Rg7 33.Rg1 Nxf3 34.
Kxf3 cxb4 35.d4 a5 36.Rc2+ Kb6 37.Rgc1 Re7 38.Rc6+ Kb7 39.R6c5 Rfe8 40.Re1
Kb6 41.Rh5 Rh7 42.Rc1 Rd8 43.Ke3 Rg8 44.Rg1 Re8 45.Rf1 Re6 46.Rhf5 Rf7 47.
e5 Kc6 48.Kd3 Rg7 49.Rxf6 Kd5 50.R1f4 a4 51.Rxe6 Kxe6 52.Kc4 b3 53.axb3 a3
54.Rf6+ Kd7 55.Rxh6 Rxg4 56.Ra6 Rxh4 57.Rxa3 Rh1 58.Ra7 Kc6 59.Ra6+ Kd7 
60.Kd5 Rb1 61.e6+ Kd8 62.Ra8+ Ke7 63.Rc8 Rxb3 64.Rxc7+ Kd8 65.Kd6 Rb8 66.
d5 Ke8 67.Rh7 Rb6+ 68.Ke5 Rb1 69.Rh8+ 1-0

[Event "17th WCh U20 Girls"]
[Site "Yerevan ARM"]
[Date "1999.09.24"]
[Round "7"]
[White "Nill, Jessica"]
[Black "Navabi, Shirin"]
[Result "1/2-1/2"]
[WhiteElo "2168"]
[BlackElo "2029"]
[EventDate "1999.09.18"]
[PlyCount "83"]

1.d4 Nf6 2.c4 e6 3.Nc3 Bb4 4.Qc2 O-O 5.a3 Bxc3+ 6.Qxc3 Ne4 7.Qc2 f5 8.Nf3 
b6 9.e3 Bb7 10.b3 d6 11.Bb2 Nd7 12.O-O-O a5 13.Ne1 Qe7 14.f3 Nef6 15.h3 
Nh5 16.Bd3 Ng3 17.Rg1 Qg5 18.f4 Qe7 19.Nf3 Nf6 20.Qf2 Nfe4 21.Qe1 c5 22.
dxc5 bxc5 23.Nd2 Rfb8 24.Nxe4 Nxe4 25.g4 fxg4 26.Rxg4 g6 27.h4 Nf6 28.Rg5 
Ne4 29.Rg1 Bc6 30.Bc2 a4 31.h5 Kf7 32.hxg6+ hxg6 33.Rh1 Ke8 34.Rh6 axb3 
35.Bb1 Kd7 36.Rxg6 Rg8 37.Qg1 Qf7 38.Rxg8 Rxg8 39.Qh2 e5 40.Bd3 exf4 41.
exf4 Rg4 42.Be5 1/2-1/2

[Event "17th WCh U20 Girls"]
[Site "Yerevan ARM"]
[Date "1999.09.24"]
[Round "7"]
[White "Gasparian, Marianna"]
[Black "Stajic, Snezana"]
[Result "1-0"]
[WhiteElo "2075"]
[BlackElo "2078"]
[EventDate "1999.09.18"]
[PlyCount "130"]

1.Nf3 Nf6 2.g3 g6 3.Bg2 Bg7 4.O-O O-O 5.d3 c5 6.Nbd2 Nc6 7.e4 d5 8.Re1 e5 
9.exd5 Nxd5 10.Nc4 Re8 11.Nfd2 f6 12.Ne4 Bf8 13.a4 Be6 14.Ne3 Nxe3 15.Bxe3
Nd4 16.Rf1 Rc8 17.b3 b6 18.f4 f5 19.Nc3 exf4 20.Bxf4 Qd7 21.Qd2 Bg7 22.
Rac1 Bf7 23.Kh1 Ne6 24.Bh6 Bh8 25.Rce1 Nc7 26.Nd1 Bd5 27.Ne3 Bxg2+ 28.Qxg2
Ne6 29.g4 fxg4 30.Nxg4 Nd4 31.Re4 Rxe4 32.dxe4 Qe6 33.c3 Nxb3 34.Qf3 Bg7 
35.Nf6+ Kh8 36.Bxg7+ Kxg7 37.Qf4 Na5 38.Ng4 Qe7 39.e5 Nc6 40.e6 Rf8 41.
Qh6+ Kg8 42.Re1 Nd8 43.Qe3 Re8 44.Qe5 Qb7+ 45.Kg1 Rxe6 46.Nh6+ Kf8 47.Qh8+
Ke7 48.Rd1 Nf7 49.Nxf7 Qe4 50.Qd8+ Kxf7 51.Rf1+ Qf5 52.Rxf5+ gxf5 53.Qd7+ 
Re7 54.Qxf5+ Kg7 55.Qg5+ Kf7 56.Kf2 Re6 57.Kf3 h6 58.Qd5 Kf6 59.Kf4 a5 60.
h4 Ke7 61.Qb7+ Kf6 62.Qd7 h5 63.c4 Re1 64.Qd6+ Re6 65.Qf8+ Kg6 1-0

[Event "17th WCh U20 Girls"]
[Site "Yerevan ARM"]
[Date "1999.09.25"]
[Round "8"]
[White "Sheldon, Ruth"]
[Black "Vajda, Szidonia"]
[Result "0-1"]
[WhiteElo "2310"]
[BlackElo "2397"]
[EventDate "1999.09.18"]
[PlyCount "138"]

1.d4 Nf6 2.c4 e6 3.Nc3 d5 4.cxd5 exd5 5.Bg5 Be7 6.e3 c6 7.Bd3 Nbd7 8.Nge2 
O-O 9.O-O Re8 10.f3 Nf8 11.Bh4 b6 12.Bf2 Ne6 13.a4 Bb7 14.Ng3 Bf8 15.Kh1 
g6 16.a5 bxa5 17.Na4 Nd7 18.Ne2 Rc8 19.Qb3 Rb8 20.Bg3 Nc7 21.e4 Ba6 22.Qc2
Bxd3 23.Qxd3 dxe4 24.fxe4 Rc8 25.Qf3 Qe7 26.Nac3 Bg7 27.Rxa5 Ne6 28.Qf2 
Nb6 29.d5 Ng5 30.h4 Nxe4 31.Nxe4 Qxe4 32.Qxf7+ Kh8 33.Rxa7 Rg8 34.Re7 Qxd5
35.Be5 Qxe5 36.Rxe5 Bxe5 37.Nc3 Bg7 38.Qe7 Rge8 39.Qc5 Nd7 40.Qd6 Ne5 41.
Qd2 Rcd8 42.Qc2 Rd4 43.g3 Ng4 44.Nd1 Red8 45.Qe2 h5 46.Nf2 Rd2 47.Qe7 Rf8 
48.Qxf8+ Bxf8 49.Nxg4 Bg7 50.Nf6 Rxb2 51.Ne4 Re2 52.Ng5 c5 53.Rb1 Be5 54.
Nf7+ Kg7 55.Nxe5 Rxe5 56.Kg2 c4 57.Rb7+ Kf6 58.Rc7 Re4 59.Kf3 Rg4 60.Rc5 
Ke6 61.Ra5 Kd6 62.Ra3 Kc5 63.Ke2 Kb4 64.Rf3 c3 65.Kd1 Kb3 66.Kc1 Ra4 67.
Kb1 Re4 68.Rf1 Re2 69.Rg1 Ra2 0-1

[Event "17th WCh U20 Girls"]
[Site "Yerevan ARM"]
[Date "1999.09.25"]
[Round "8"]
[White "Mkrtchian, Lilit"]
[Black "Cmilyte, Viktorija"]
[Result "1/2-1/2"]
[WhiteElo "2295"]
[BlackElo "2354"]
[EventDate "1999.09.18"]
[PlyCount "54"]

1.e4 c5 2.Nf3 d6 3.d4 Nf6 4.Nc3 cxd4 5.Nxd4 e6 6.f4 a6 7.Qf3 Be7 8.Be3 Qc7
9.O-O-O Nc6 10.g4 Nxd4 11.Bxd4 e5 12.fxe5 dxe5 13.Qg3 Bd6 14.Be3 Bxg4 15.
Rd3 Qe7 16.h3 Bd7 17.Qxg7 Rg8 18.Qh6 Rg6 19.Qh4 Bc6 20.Bg5 h6 21.Bxf6 Qxf6
22.Qxf6 Rxf6 23.Nd5 Bxd5 24.Rxd5 Ke7 25.Be2 Rf4 26.Bh5 Rd8 27.Re1 Bb4 
1/2-1/2

[Event "17th WCh U20 Girls"]
[Site "Yerevan ARM"]
[Date "1999.09.25"]
[Round "8"]
[White "Goletiani, Rusudan"]
[Black "Sergeeva, Maria"]
[Result "1-0"]
[WhiteElo "2386"]
[BlackElo "2208"]
[EventDate "1999.09.18"]
[PlyCount "51"]

1.e4 c5 2.Nf3 e6 3.d3 g6 4.g3 Bg7 5.Bg2 Ne7 6.O-O d5 7.Nbd2 Nbc6 8.Re1 b6 
9.h4 h6 10.c3 Bb7 11.Qe2 Qd7 12.Nf1 Ba6 13.e5 O-O-O 14.a3 Rdg8 15.b4 d4 
16.c4 Bb7 17.bxc5 bxc5 18.Rb1 Qc7 19.N1d2 g5 20.Ne4 Nxe5 21.Nxe5 Bxe5 22.
Rxb7 Kxb7 23.Nd6+ Kb8 24.Qxe5 gxh4 25.Bf4 hxg3 26.Rb1+ 1-0

[Event "17th WCh U20 Girls"]
[Site "Yerevan ARM"]
[Date "1999.09.25"]
[Round "8"]
[White "Redondo Arguelles, Graciela"]
[Black "Krush, Irina"]
[Result "0-1"]
[WhiteElo "2067"]
[BlackElo "2432"]
[EventDate "1999.09.18"]
[PlyCount "74"]

1.e4 c5 2.Nf3 d6 3.c3 Nf6 4.h3 g6 5.Bd3 Bg7 6.Bc2 O-O 7.O-O Nc6 8.d4 cxd4 
9.cxd4 Nb4 10.Bb3 d5 11.e5 Ne4 12.Nc3 Nxc3 13.bxc3 Nc6 14.Bf4 Be6 15.Ng5 
Qd7 16.Qf3 Rad8 17.Qe3 Na5 18.Bd1 Nc4 19.Qg3 Bf5 20.h4 f6 21.Nf3 h6 22.Nh2
fxe5 23.dxe5 Rf7 24.Ng4 Kh7 25.Ne3 Nd2 26.Re1 Ne4 27.Qh2 Nxc3 28.Bb3 e6 
29.Rac1 Rc8 30.Kh1 Bd3 31.g3 Ne2 32.Rxc8 Qxc8 33.Rd1 Be4+ 34.Ng2 Nxf4 35.
gxf4 Bxe5 36.fxe5 Rxf2 37.Rg1 Bxg2+ 0-1

[Event "17th WCh U20 Girls"]
[Site "Yerevan ARM"]
[Date "1999.09.25"]
[Round "8"]
[White "Shahade, Jennifer"]
[Black "Mohota, Nisha"]
[Result "0-1"]
[WhiteElo "2290"]
[BlackElo "2198"]
[EventDate "1999.09.18"]
[PlyCount "114"]

1.e4 c6 2.c4 d5 3.cxd5 cxd5 4.exd5 Qxd5 5.Nc3 Qd6 6.d4 e6 7.Nf3 Nf6 8.Bd3 
Nc6 9.O-O Be7 10.Ne4 Nxe4 11.Bxe4 O-O 12.Be3 Rd8 13.Rc1 Nb4 14.Bb1 Bd7 15.
Ne5 Be8 16.a3 Nc6 17.Qd3 g6 18.Nf3 Bf6 19.Rfd1 Rac8 20.Qe4 Qd5 21.Qf4 Bg7 
22.Rd3 Ne7 23.Rdc3 Rxc3 24.Rxc3 e5 25.Qh4 exd4 26.Rd3 Nf5 27.Qg5 Nxe3 28.
fxe3 Qxg5 29.Nxg5 Bh6 30.h4 Rc8 31.Kh2 dxe3 32.Rxe3 f6 33.Ba2+ Kh8 34.Bf7 
Bxg5 35.Rxe8+ Rxe8 36.Bxe8 Bxh4 37.a4 a5 38.g3 Bg5 39.Kg2 Kg7 40.g4 f5 41.
gxf5 gxf5 42.Kf3 Kf6 43.b3 b6 44.Bh5 Bc1 45.Kg3 Kg5 46.Bf3 Bf4+ 47.Kg2 Bd6
48.Bd5 h5 49.Kh3 h4 50.Bc6 Be7 51.Bd7 Kf4 52.Bc8 Ke4 53.Kg2 f4 54.Bg4 Ke3 
55.Bh5 Bd6 56.Bg4 f3+ 57.Kf1 Bc5 0-1

[Event "17th WCh U20 Girls"]
[Site "Yerevan ARM"]
[Date "1999.09.25"]
[Round "8"]
[White "Gritsaeva, Oxana"]
[Black "Jackova, Jana"]
[Result "1/2-1/2"]
[WhiteElo "2248"]
[BlackElo "2233"]
[EventDate "1999.09.18"]
[PlyCount "120"]

1.d4 d5 2.c4 dxc4 3.Nf3 Nf6 4.e3 e6 5.Bxc4 c5 6.O-O a6 7.Bb3 Nc6 8.Nc3 Qc7
9.Re1 Bd6 10.dxc5 Bxc5 11.h3 O-O 12.Qe2 e5 13.e4 Nd4 14.Nxd4 exd4 15.Nd5 
Nxd5 16.Bxd5 Be6 17.Qf3 Bxd5 18.exd5 Qd7 19.Bd2 Rad8 20.Re5 f6 21.Rf5 Rfe8
22.Rc1 Bf8 23.g4 Re5 24.Rxe5 fxe5 25.Kg2 Qxd5 26.Qxd5+ Rxd5 27.Kf3 Rb5 28.
b3 Bd6 29.Ke4 Kf7 30.Rc8 a5 31.Ra8 Rc5 32.Bxa5 Rc2 33.a4 Rxf2 34.Kd5 Be7 
35.Rc8 d3 36.Rc3 Rc2 37.Ke4 d2 38.Rd3 Bg5 39.Bb4 Rb2 40.Rd7+ Ke8 41.Rd5 
Bf4 42.Bc3 Rc2 43.Bb4 b6 44.h4 g6 45.g5 Rb2 46.Bc3 Rxb3 47.Bxd2 Bxd2 48.
Rxd2 Rb4+ 49.Kxe5 Rxa4 50.Rb2 Ra5+ 51.Kf6 b5 52.Kg7 Ra7+ 53.Kg8 Ra4 54.
Kxh7 Rxh4+ 55.Kxg6 b4 56.Kg7 Rg4 57.g6 Kd7 58.Rc2 Kd6 59.Kf7 Kd5 60.g7 Kd4
1/2-1/2

[Event "17th WCh U20 Girls"]
[Site "Yerevan ARM"]
[Date "1999.09.25"]
[Round "8"]
[White "Kuang Yinghui"]
[Black "Khukhashvili, Sopiko"]
[Result "1/2-1/2"]
[WhiteElo "2202"]
[BlackElo "2206"]
[EventDate "1999.09.18"]
[PlyCount "95"]

1.e4 c5 2.Nf3 d6 3.g3 Nc6 4.Bg2 g6 5.O-O Bg7 6.c3 e5 7.d3 Nge7 8.Be3 O-O 
9.Na3 h6 10.d4 cxd4 11.cxd4 Bg4 12.d5 Nb8 13.Qb3 b6 14.Nd2 Be2 15.Rfe1 Ba6
16.Rac1 f5 17.f3 Nd7 18.Qa4 Bb7 19.Ndc4 Nc8 20.Qb4 a5 21.Qd2 Kh7 22.Bh3 
Ba6 23.exf5 gxf5 24.Bf2 Kh8 25.Ne3 Ne7 26.Ng2 Nc5 27.Bxc5 bxc5 28.Nc4 Bb7 
29.Nh4 f4 30.Be6 Rf6 31.Rc3 a4 32.Ng2 Ng6 33.Qd3 Nf8 34.Bh3 fxg3 35.hxg3 
Rg6 36.f4 exf4 37.Nxf4 Rg5 38.Rc2 Bd4+ 39.Kh2 Bxd5 40.Nxd5 Rxd5 41.Qf3 Rg5
42.Rce2 Rg6 43.Bf5 Rf6 44.Qh5 Be5 45.Nxe5 dxe5 46.Rxe5 Rb8 47.R1e2 Qd4 48.
Qh4 1/2-1/2

[Event "17th WCh U20 Girls"]
[Site "Yerevan ARM"]
[Date "1999.09.25"]
[Round "8"]
[White "Vo Hong Phuong"]
[Black "Matras, Agnieszka"]
[Result "1-0"]
[WhiteElo "2226"]
[BlackElo "2146"]
[EventDate "1999.09.18"]
[PlyCount "99"]

1.e4 e5 2.Nf3 Nc6 3.Bb5 a6 4.Ba4 Nf6 5.O-O b5 6.Bb3 Bc5 7.Qe2 O-O 8.c3 d5 
9.exd5 Nxd5 10.Nxe5 Nxe5 11.Qxe5 Bb7 12.d4 Bd6 13.Qg5 Qd7 14.Bxd5 Bxd5 15.
Bf4 Bxf4 16.Qxf4 Rae8 17.Nd2 Re2 18.Rfe1 Rfe8 19.Rxe2 Rxe2 20.b3 Qc6 21.
Qg4 Re6 22.Nf1 h5 23.Qh3 Rg6 24.Ng3 Qxc3 25.Rd1 Be6 26.Qh4 Bg4 27.Rf1 Qxd4
28.h3 Qb6 29.hxg4 Rxg4 30.Qd8+ Kh7 31.Qd3+ g6 32.Nxh5 Rd4 33.Qc2 Rg4 34.
Qd3 Rd4 35.Qf3 gxh5 36.Qxf7+ Kh6 37.Re1 Rd6 38.Re5 Rg6 39.Qf8+ Rg7 40.Qf5 
Rg6 41.Qxh5+ Kg7 42.Re8 Kf7 43.Re3 Kg7 44.Qe5+ Kf7 45.Qe8+ Kg7 46.Re7+ Kh6
47.Qf8+ Kh5 48.Re5+ Rg5 49.Qh8+ Qh6 50.g4+ 1-0

[Event "17th WCh U20 Girls"]
[Site "Yerevan ARM"]
[Date "1999.09.25"]
[Round "8"]
[White "Aginian, Nelly"]
[Black "Sahakian, Nonna"]
[Result "1/2-1/2"]
[WhiteElo "2170"]
[BlackElo "2093"]
[EventDate "1999.09.18"]
[PlyCount "57"]

1.e4 c5 2.Nf3 e6 3.b3 d6 4.Bb2 Nc6 5.Bb5 Bd7 6.O-O Nf6 7.Re1 e5 8.c3 Be7 
9.d4 Qc7 10.Nbd2 O-O 11.Rc1 Rfe8 12.Bxc6 Bxc6 13.b4 b6 14.dxe5 dxe5 15.c4 
Bd6 16.b5 Bb7 17.Qc2 Qd7 18.Nf1 Qg4 19.h3 Qe6 20.Ng5 Qe7 21.Rcd1 h6 22.Nf3
Rad8 23.g4 g6 24.Ng3 Nh7 25.Qe2 Qe6 26.Kg2 Ng5 27.Nxg5 hxg5 28.f3 Bc7 29.
Qc2 1/2-1/2

[Event "17th WCh U20 Girls"]
[Site "Yerevan ARM"]
[Date "1999.09.25"]
[Round "8"]
[White "Machalova, Veronika"]
[Black "Budylina, Sofia"]
[Result "1-0"]
[WhiteElo "2115"]
[BlackElo "2032"]
[EventDate "1999.09.18"]
[PlyCount "49"]

1.c4 c5 2.Nc3 Nc6 3.g3 g6 4.Bg2 Bg7 5.d3 d6 6.e4 e5 7.Nge2 Nge7 8.O-O O-O 
9.Nd5 f5 10.Nec3 Nxd5 11.Nxd5 Nd4 12.Be3 f4 13.Bxd4 cxd4 14.Qe2 Bd7 15.
Rac1 Qg5 16.gxf4 exf4 17.f3 h5 18.Kh1 h4 19.Rg1 h3 20.Bxh3 Qd8 21.Bxd7 
Qxd7 22.Rxg6 Kh7 23.Rcg1 Bh6 24.Qg2 Qe8 25.Rxh6+ 1-0

[Event "17th WCh U20 Girls"]
[Site "Yerevan ARM"]
[Date "1999.09.25"]
[Round "8"]
[White "Klimenko, Veronica"]
[Black "Navabi, Shirin"]
[Result "1-0"]
[WhiteElo "2100"]
[BlackElo "2029"]
[EventDate "1999.09.18"]
[PlyCount "68"]

1.e4 e5 2.Nc3 Nf6 3.f4 d5 4.fxe5 Nxe4 5.d3 Qh4+ 6.g3 Nxg3 7.Nf3 Qh5 8.Nxd5
Nxh1 9.Nxc7+ Kd8 10.Nxa8 Be7 11.Bg2 Bh4+ 12.Kf1 Nf2 13.Qe1 Bh3 14.Nxh4 
Qxh4 15.Qxf2 Qg4 16.Bd2 Nc6 17.Bc3 Re8 18.Bxh3 Qxh3+ 19.Qg2 Qf5+ 20.Kg1 
Re6 21.Rf1 Qh5 22.Kh1 Rh6 23.b4 Kc8 24.d4 Kb8 25.b5 Ne7 26.Bd2 g5 27.d5 
Nxd5 28.Bxg5 Rg6 29.Rxf7 Ne7 30.Bxe7 Qd1+ 31.Rf1 Rxg2 32.Rxd1 Rg8 33.Rd8+ 
Rxd8 34.Bxd8 Kxa8 1-0

[Event "17th WCh U20 Girls"]
[Site "Yerevan ARM"]
[Date "1999.09.26"]
[Round "9"]
[White "Krush, Irina"]
[Black "Vo Hong Phuong"]
[Result "1-0"]
[WhiteElo "2432"]
[BlackElo "2226"]
[EventDate "1999.09.18"]
[PlyCount "75"]

1.d4 d5 2.c4 e6 3.Nc3 dxc4 4.e4 c5 5.Nf3 Nc6 6.Be3 Nf6 7.Bxc4 cxd4 8.Nxd4 
Bb4 9.O-O O-O 10.Nxc6 Qxd1 11.Rfxd1 bxc6 12.f3 Bb7 13.Na4 Be7 14.b3 Rfd8 
15.Rxd8+ Bxd8 16.Rd1 Be7 17.g4 h6 18.h4 Bc8 19.Bc5 Bxc5+ 20.Nxc5 Kf8 21.
Rd6 Ke7 22.Rxc6 Bd7 23.Ra6 Bc8 24.Ra5 Ne8 25.e5 Kd8 26.Bd3 Kc7 27.Be4 Kb6 
28.b4 Rb8 29.Na4+ Kc7 30.Rxa7+ Kd8 31.a3 Nc7 32.Nc5 Bd7 33.Nxd7 Kxd7 34.
Kf2 f6 35.f4 fxe5 36.fxe5 Rf8+ 37.Ke3 Kc8 38.a4 1-0

[Event "17th WCh U20 Girls"]
[Site "Yerevan ARM"]
[Date "1999.09.26"]
[Round "9"]
[White "Slavina, Irina"]
[Black "Sheldon, Ruth"]
[Result "0-1"]
[WhiteElo "2295"]
[BlackElo "2310"]
[EventDate "1999.09.18"]
[PlyCount "98"]

1.d4 Nf6 2.c4 g6 3.Nc3 Bg7 4.Nf3 O-O 5.h3 d6 6.Bf4 c5 7.d5 Qa5 8.Bd2 e6 9.
dxe6 Bxe6 10.e4 Nc6 11.Be2 Qd8 12.Be3 Na5 13.Nd2 Nd7 14.Rc1 Ne5 15.b3 Nac6
16.O-O Nd4 17.f4 Nec6 18.Bd3 Re8 19.Re1 a6 20.Nd5 b5 21.Bb1 Qa5 22.Bf2 
Bxd5 23.exd5 Nb4 24.a4 f5 25.Be3 Re7 26.Nf1 Rae8 27.Kh2 Qc7 28.g4 Qd7 29.
g5 Rb8 30.Nd2 Rb7 31.h4 Qe8 32.Nf1 bxa4 33.bxa4 a5 34.Kg2 Na6 35.Bd2 Rxe1 
36.Qxe1 Re7 37.Be3 Nb4 38.h5 Qxa4 39.Qf2 Qb3 40.h6 Bh8 41.Qd2 a4 42.Re1 
Ndc2 43.Re2 Nxe3+ 44.Nxe3 Qxb1 45.Kg3 Qd3 46.Qe1 Bd4 47.Kh4 Bxe3 48.Rxe3 
Rxe3 49.Qg3 Qe2 0-1

[Event "17th WCh U20 Girls"]
[Site "Yerevan ARM"]
[Date "1999.09.26"]
[Round "9"]
[White "Cmilyte, Viktorija"]
[Black "Gritsaeva, Oxana"]
[Result "0-1"]
[WhiteElo "2354"]
[BlackElo "2248"]
[EventDate "1999.09.18"]
[PlyCount "112"]

1.d4 d6 2.Nf3 Nf6 3.c4 g6 4.Nc3 Bg7 5.e4 O-O 6.Be2 e5 7.O-O Nc6 8.d5 Ne7 
9.Kh1 a5 10.Ne1 Nd7 11.Nd3 b6 12.Bd2 Nc5 13.a3 f5 14.exf5 gxf5 15.f4 e4 
16.Ne1 a4 17.Be3 Kh8 18.Nc2 Ng8 19.Nd4 Nf6 20.Qc2 Bd7 21.Rae1 Qe8 22.Ndb5 
Rc8 23.Rd1 Qf7 24.Bg1 Ng4 25.Bxg4 fxg4 26.Nd4 Rce8 27.f5 Qh5 28.Nce2 Be5 
29.Nf4 Qh6 30.g3 Bxf5 31.Nxf5 Rxf5 32.Bxc5 bxc5 33.Qxe4 Ref8 34.Rde1 Bxb2 
35.Qe2 Bc3 36.Rc1 Be5 37.Qxg4 Bxf4 38.gxf4 Rxf4 39.Rxf4 Qxf4 40.Qxf4 Rxf4 
41.Kg2 Rd4 42.Kf3 Kg7 43.Rc3 Rd2 44.Re3 Rxh2 45.Re7+ Kf6 46.Rxc7 Ke5 47.
Re7+ Kd4 48.Re4+ Kd3 49.Re6 Kxc4 50.Rxd6 Rh4 51.Rd8 Rd4 52.d6 Kc3 53.d7 c4
54.Ke3 h5 55.Kf3 Kd3 56.Ra8 Rxd7 0-1

[Event "17th WCh U20 Girls"]
[Site "Yerevan ARM"]
[Date "1999.09.26"]
[Round "9"]
[White "Khukhashvili, Sopiko"]
[Black "Goletiani, Rusudan"]
[Result "0-1"]
[WhiteElo "2206"]
[BlackElo "2386"]
[EventDate "1999.09.18"]
[PlyCount "78"]

1.e4 c5 2.Nf3 e6 3.d4 cxd4 4.Nxd4 a6 5.Nc3 Qc7 6.Be2 Nf6 7.O-O Be7 8.Be3 
d6 9.a4 Nc6 10.f4 O-O 11.Kh1 Re8 12.Bf3 Bd7 13.Nb3 b6 14.g4 Bc8 15.g5 Nd7 
16.Bg2 Bb7 17.Qh5 Nb4 18.Rac1 g6 19.Qh4 Bf8 20.Rf3 Nc5 21.Rh3 h6 22.gxh6 
Kh7 23.Qf6 Qe7 24.Qd4 Nxc2 25.Rxc2 Nxb3 26.Qxb6 Rab8 27.Qb4 Bc6 28.Qc4 Qb7
29.Qf1 Nc5 30.f5 exf5 31.exf5 Re7 32.Rf2 Bxg2+ 33.Rxg2 Rbe8 34.fxg6+ fxg6 
35.Rf3 Bxh6 36.Qb1 Rg7 37.Bxh6 Qxf3 38.Bxg7 Nd3 39.Kg1 Kxg7 0-1

[Event "17th WCh U20 Girls"]
[Site "Yerevan ARM"]
[Date "1999.09.26"]
[Round "9"]
[White "Kouvatsou, Maria"]
[Black "Vajda, Szidonia"]
[Result "1/2-1/2"]
[WhiteElo "2152"]
[BlackElo "2397"]
[EventDate "1999.09.18"]
[PlyCount "98"]

1.e4 c5 2.c3 Nf6 3.e5 Nd5 4.g3 Nc6 5.Bg2 Qc7 6.f4 e6 7.Qe2 Nb6 8.d3 d6 9.
Nf3 Nd7 10.exd6 Bxd6 11.Na3 O-O 12.Nb5 Qb8 13.Nxd6 Qxd6 14.O-O b6 15.Ng5 
Bb7 16.Be3 Rad8 17.Rad1 Qe7 18.Qh5 Nf6 19.Qh4 h6 20.Nf3 Qc7 21.f5 Qe7 22.
d4 exf5 23.Rde1 Ne4 24.Qxe7 Nxe7 25.dxc5 Ba6 26.cxb6 Bxf1 27.Kxf1 axb6 28.
Nd4 Rfe8 29.g4 Nd5 30.Bc1 Ndf6 31.gxf5 Nc5 32.Rxe8+ Rxe8 33.Bc6 Re7 34.Bb5
Ng4 35.b4 Ne4 36.h3 Ne5 37.Ne2 Nf3 38.Kg2 Nh4+ 39.Kf1 Re5 40.Bc6 Rxf5+ 41.
Ke1 Ng2+ 42.Kd1 Rf1+ 43.Kc2 f5 44.a4 Rf2 45.Kd3 Ne1+ 46.Ke3 Nc2+ 47.Kd3 
Ne1+ 48.Ke3 Nc2+ 49.Kd3 Ne1+ 1/2-1/2

[Event "17th WCh U20 Girls"]
[Site "Yerevan ARM"]
[Date "1999.09.26"]
[Round "9"]
[White "Jackova, Jana"]
[Black "Mkrtchian, Lilit"]
[Result "1-0"]
[WhiteElo "2233"]
[BlackElo "2295"]
[EventDate "1999.09.18"]
[PlyCount "59"]

1.e4 e6 2.d4 d5 3.Nc3 Bb4 4.e5 c5 5.a3 Bxc3+ 6.bxc3 Qa5 7.Bd2 cxd4 8.cxd4 
Qa4 9.Qg4 Ne7 10.Bd3 h5 11.Qh4 Nbc6 12.Nf3 b6 13.O-O Ba6 14.Bxa6 Qxa6 15.
Rfc1 Nf5 16.Qg5 Qc4 17.c3 Na5 18.Bf4 Nb3 19.Nd2 Nxd2 20.Bxd2 Rc8 21.a4 a5 
22.Rcb1 Rc6 23.Rb5 Kd7 24.g3 Rh6 25.Rab1 Qe2 26.h3 Rg6 27.Qf4 Kc7 28.c4 
Qxc4 29.Rxb6 Qxd4 30.Bxa5 1-0

[Event "17th WCh U20 Girls"]
[Site "Yerevan ARM"]
[Date "1999.09.26"]
[Round "9"]
[White "Sorokina, Anastasia"]
[Black "Tkeshelashvili, Sopio"]
[Result "0-1"]
[WhiteElo "2162"]
[BlackElo "2284"]
[EventDate "1999.09.18"]
[PlyCount "70"]

1.e4 c5 2.Nf3 Nc6 3.Nc3 d6 4.d4 cxd4 5.Nxd4 Nf6 6.Bc4 Qb6 7.Ndb5 a6 8.Be3 
Qa5 9.Nd4 e6 10.O-O Be7 11.f4 O-O 12.Nb3 Qc7 13.Be2 b5 14.Bf3 Bb7 15.Qe1 
Rfe8 16.a3 b4 17.axb4 Nxb4 18.Qf2 Rac8 19.g4 d5 20.e5 Ne4 21.Bxe4 dxe4 22.
f5 exf5 23.gxf5 Qxe5 24.Qg2 Bf6 25.Ra5 Qc7 26.Rf4 Rcd8 27.Rg4 Kh8 28.Qf2 
Qc6 29.Rc5 Qd7 30.Kg2 Bxc3 31.Rxc3 Qd1 32.Rg3 Nd3 33.cxd3 exd3+ 34.Rf3 Qe2
35.Nc1 Qxe3 0-1

[Event "17th WCh U20 Girls"]
[Site "Yerevan ARM"]
[Date "1999.09.26"]
[Round "9"]
[White "Mohota, Nisha"]
[Black "Kuang Yinghui"]
[Result "1-0"]
[WhiteElo "2198"]
[BlackElo "2202"]
[EventDate "1999.09.18"]
[PlyCount "95"]

1.d4 d5 2.c4 e6 3.Nc3 Be7 4.Nf3 Nf6 5.cxd5 exd5 6.Bg5 O-O 7.e3 h6 8.Bh4 
Nbd7 9.Bd3 b6 10.O-O Bb7 11.Rc1 c6 12.Ne5 Nxe5 13.dxe5 Nd7 14.Bg3 Re8 15.
Qh5 Bc5 16.Na4 Bf8 17.f4 b5 18.Nc3 Nc5 19.Bb1 b4 20.Ne2 Ne4 21.Rfd1 Qb6 
22.Qf3 c5 23.Bxe4 dxe4 24.Qg4 Rad8 25.Bh4 Rxd1+ 26.Rxd1 Bc8 27.Qg3 Ba6 28.
Rd2 Bxe2 29.Rxe2 Qa6 30.Qg4 Re6 31.Rd2 Qxa2 32.Bf6 Re8 33.f5 Kh8 34.Bh4 
Qc4 35.Kf2 a6 36.Bg3 a5 37.Qd1 b3 38.Kg1 Kg8 39.h3 a4 40.Rd8 Qb5 41.Rxe8 
Qxe8 42.Qd5 Qb8 43.Kh2 a3 44.e6 Qa7 45.bxa3 c4 46.Be5 Qxa3 47.exf7+ Kh7 
48.Qe6 1-0

[Event "17th WCh U20 Girls"]
[Site "Yerevan ARM"]
[Date "1999.09.26"]
[Round "9"]
[White "Sahakian, Nonna"]
[Black "Shahade, Jennifer"]
[Result "1/2-1/2"]
[WhiteElo "2093"]
[BlackElo "2290"]
[EventDate "1999.09.18"]
[PlyCount "138"]

1.e4 c5 2.Nf3 d6 3.d4 Nf6 4.Nc3 cxd4 5.Nxd4 g6 6.Be2 Bg7 7.O-O O-O 8.Bg5 
Nc6 9.Nb3 Be6 10.Re1 h6 11.Bh4 Rc8 12.Bf1 Ne5 13.Nd4 Bc4 14.Rb1 Re8 15.
Bxc4 Nxc4 16.f3 Qa5 17.Nde2 b5 18.a3 b4 19.axb4 Qxb4 20.Bf2 a5 21.Qc1 e6 
22.Rd1 d5 23.exd5 Nxd5 24.Nxd5 exd5 25.c3 Qb8 26.Nd4 Kh7 27.b3 Ne5 28.Qa3 
Qc7 29.Rbc1 h5 30.Nb5 Qd8 31.Qd6 Qg5 32.Nd4 Rcd8 33.Qa3 Bh6 34.Rc2 h4 35.
h3 Bf8 36.Qc1 Qf6 37.Ra2 Bh6 38.Qc2 Ra8 39.Raa1 Qf4 40.Kh1 Bf8 41.Qd2 Qxd2
42.Rxd2 Rac8 43.Nb5 Bc5 44.Bxh4 Rb8 45.Nc7 Rec8 46.Rxd5 Rxc7 47.Rxe5 Rxb3 
48.Bf6 Rc6 49.Rd5 Bb6 50.Be5 f6 51.Bd4 Bxd4 52.cxd4 Rd3 53.Raxa5 Rc1+ 54.
Kh2 Rd2 55.Rdc5 Re1 56.d5 Ree2 57.Ra7+ Kh6 58.h4 Rxg2+ 59.Kh3 Rh2+ 60.Kg3 
Rdg2+ 61.Kf4 Rxh4+ 62.Ke3 Rhh2 63.Rc3 Rd2 64.Rd3 Rhe2+ 65.Kd4 Rxd3+ 66.
Kxd3 Re1 67.Ra3 Kg7 68.Kd4 Re5 69.d6 Kf7 1/2-1/2

[Event "17th WCh U20 Girls"]
[Site "Yerevan ARM"]
[Date "1999.09.26"]
[Round "9"]
[White "Sergeeva, Maria"]
[Black "Aginian, Nelly"]
[Result "0-1"]
[WhiteElo "2208"]
[BlackElo "2170"]
[EventDate "1999.09.18"]
[PlyCount "40"]

1.e4 e6 2.d4 d5 3.Nc3 Nf6 4.e5 Nfd7 5.f4 c5 6.Nf3 a6 7.Be3 Qb6 8.Qd2 Qxb2 
9.Rb1 Qa3 10.f5 cxd4 11.Bxd4 Nc6 12.Rb3 Qe7 13.Be2 Nxd4 14.Qxd4 Qd8 15.Qa4
Qc7 16.fxe6 fxe6 17.Rf1 Be7 18.Qg4 Nc5 19.Qxg7 Bh4+ 20.Nxh4 Qxg7 0-1